000 00298nam a22001337a 4500
008 170511b xxu||||| |||| 00| 0 eng d
020 _a2901599412572
041 _aeng
080 _a34
100 _a15
101 _aSHJ
245 _aENVIRONMENTAL LAW AND POLICY
_cREVESZ, R.L
942 _2udc
_cBK
999 _c13127
_d13127